| LEADER : 00000nam 2200000uu 4500 |
| 001 13399128770 |
| 003 ULIB |
| 008 240904s2562||||th 000 0 tha d |
| 020 ^a9786164976030
|
| 060 ^aWP465^bร44ค
|
| 100 ^aเรืองศักดิ์ เลิศขจรสุข
|
| 245 ^aครรภ์ไข่ปลาอุกและมะเร็งเนื้อรก =^bGestational trophoblastic disease /^cบรรณาธิการโดย : เรืองศักดิ์ เลิศขจรสุข, อาบอรุณ เลิศขจรสุข.
|
| 250 ^aพิมพ์ครั้งที่ 1
|
| 260 ^aกรุงเทพฯ :^bบริษัท คอนเซ็พท์ เมดิคัส จำกัด,^c2562
|
| 300 ^aviii, 240 หน้า^bภาพประกอบ
|
| 650 ^aเนื้องอกโทรโฟบลาสติก
|
| 650 ^aครรภ์ไข่ปลาอุก
|
| 650 ^aครรภ์
|
| 650 ^aรก^xมะเร็ง
|
| 650 ^aGestational trophoblastic disease
|
| 700 ^aอาบอรุณ เลิศขจรสุข
|
| 700 ^aพธู ตัณฑ์ไพโรจน์
|
| 700 ^aชินา โอฬารรัตนพันธ์
|
| 945 ^p490^l0^i30229
|
| 945 ^p490^l0^i30230 |
| 999 ^aกัณชพร จุลอักษร
|